World Capitals starting with O and P - Sudden Death - Statistics

General Stats
  • This quiz has been taken 30 times
  • The average score is 16 of 17
Answers on the Grid
Answers color-coded by a green-red scale on the quiz's grid according to % correct below.
Ottawa
Odessa
Ouagadougou
Omsk
Osaka
Oslo
Omdurman
Okayama
Port Moresby
Paramaribo
Port Louis
Port Vila
Paris
Pristina
Pisa
Portland
Prague
Port Sudan
Port Said
Phnom Penh
Palikir
Panama City
Porto Alegre
Port-au-Prince
Pyongyang
Port of Spain
Podgorica
Port Harcourt
 
Answer Stats
Answer % Correct
Oslo
100%
Ottawa
100%
Ouagadougou
100%
Paramaribo
100%
Paris
100%
Phnom Penh
100%
Podgorica
100%
Port-au-Prince
100%
Port of Spain
100%
Prague
100%
Pristina
100%
Pyongyang
100%
Panama City
80%
Port Louis
80%
Port Moresby
80%
Palikir
60%
Port Vila
60%
No matching quizzes found
Score Distribution
Percent of People with Each Score
Percentile by Number Answered
Your Score History
You have not taken this quiz